000
00287nam a2200121Ia 4500
008
191201s2006 xx 000 0 und d
100
_a
SHARMA, H.D.
245
0
_a
100 Great Lives
260
_a
New Delhi
_b
Rupa and Co.
_c
2006
300
_a
728
650
_a
General Books
942
_2
ddc
_c
BK
999
_c
3354
_d
3354